MARC

LEADER 00000nam0a2200000 4500
001 53484
005 20231031045313.0
035 |a (RuTPU)RU\TPU\book\56077 
090 |a 53484 
100 |a 20030619d1986 km y0rusy50 ca 
101 0 |a rus 
102 |a RU 
105 |a a z 001zy 
200 1 |a Надежность средств электроизмерительной техники  |f А. В. Екимов, М. И. Ревяков 
210 |a Ленинград  |c Энергоатомиздат  |d 1986 
215 |a 207 с.  |c ил. 
320 |a Библиогр.: с. 201-205 
610 1 |a электроизмерительные приборы 
610 1 |a надежность 
610 1 |a теория 
610 1 |a практика 
610 1 |a параметры 
610 1 |a оптимизация 
675 |a 621.317.7  |v 3 
700 1 |a Екимов  |b А. В.  |g Андрей Владимирович 
701 1 |a Ревяков  |b М. И.  |g Михаил Ильич 
801 1 |a RU  |b 63413507  |c 20030619  |g PSBO 
801 2 |a RU  |b 63413507  |c 20150114  |g PSBO 
900 |a Теория погрешностей 
942 |c BK